Państwa położone w całości na północ od Polski - Statystyki

Ogólne statystyki
  • Ten quiz został rozwiązany 213 razy
  • Średni wynik to 6 z 6
Statystyki odpowiedzi
Szerokość geograficzna Państwo % Poprawnych
57°57′ N Norwegia
99%
55°20′ N Szwecja
99%
59°30′ N Finlandia
98%
63°24′ N Islandia
96%
57°30′ N Estonia
95%
55°40′ N Łotwa
95%
Nie znaleziono quizów pasujących do podanych kryteriów
Rozkład punktacji
Procent ludzi z każdym wynikiem
Percentyl według liczby udzielonych odpowiedzi
Twoja historia wyników
Nie rozwiązałeś tego quizu